|
|
|
|
| LEADER |
01413cam a2200337 7i4500 |
| 001 |
0000001462 |
| 005 |
20191017090000.0 |
| 020 |
|
|
|a 9789835201073
|
| 020 |
|
|
|a 9835201072 (pbk.)
|
| 090 |
0 |
0 |
|a TK4035.F3
|b K35 1997
|
| 100 |
1 |
|
|a Kale, Clyde O
|
| 245 |
1 |
0 |
|a Litar perindustrian dan pengeluaran berautomatik
|c Clyde O.Kale ; penterjemah Alias Mohd Yusof, Musa Mailah, Shaikh Nasir Shaikh Ab.Rahman.
|
| 260 |
|
|
|a Skudai, JohorbPenerbit UTM,
|c 1997.
|
| 300 |
|
|
|a xv, 390 p.:
|b ill.;
|c 24 cm.
|
| 504 |
|
|
|a Includes bibliographical references and index
|
| 650 |
0 |
0 |
|a Industrial electronics
|
| 650 |
0 |
0 |
|a Automation
|
| 650 |
0 |
0 |
|a Factories --
|x Electric equipment
|
| 700 |
0 |
|
|a Shaikh Nasir Shaikh Ab.Rahman
|
| 700 |
0 |
|
|a Alias Mohd Yusof
|
| 700 |
0 |
|
|a Musa Maliah
|
| 997 |
|
|
|a Engineering & Life Sciences, Faculty
|b Engineering, Department
|
| 998 |
|
|
|a Electrical Engineering, Degree
|
| 998 |
|
|
|a Electronics Engineering, Degree
|
| 999 |
|
|
|a 0000000033
|b BOK
|c OPEN SHELF
|e 2nd Floor, Bestari Jaya
|
| 999 |
|
|
|a 0000000606
|b BOK
|c OPEN SHELF
|e 2nd Floor, Bestari Jaya
|
| 999 |
|
|
|a 0000000607
|b BOK
|c OPEN SHELF
|e 2nd Floor, Bestari Jaya
|
| 999 |
|
|
|a 0000022721
|b BOK
|c OPEN SHELF
|e 2nd Floor, Bestari Jaya
|
| 999 |
|
|
|a 0000022722
|b BOK
|c OPEN SHELF
|e 2nd Floor, Bestari Jaya
|
| 999 |
|
|
|a 0000022723
|b BOK
|c OPEN SHELF
|e 2nd Floor, Bestari Jaya
|
| 999 |
|
|
|a 0000023426
|b BOK
|c OPEN SHELF
|e 2nd Floor, Bestari Jaya
|